Statistics for guess the taylor swift song #1

Click here to take the quiz!

General Stats

  • This quiz has been taken 112 times
  • The average score is 212 of 347

Answer Stats

Answer% Correct
i
100%
a
98%
the
97%
you
95%
and
93%
on
92%
your
91%
to
90%
me
89%
we
89%
in
87%
it
87%
my
85%
all
84%
be
84%
so
84%
that
84%
were
82%
we're
82%
go
80%
no
80%
of
80%
for
79%
if
79%
like
79%
is
77%
can
76%
one
76%
was
76%
it's
75%
her
71%
not
70%
but
68%
i'd
68%
said
66%
say
66%
never
64%
as
63%
up
63%
back
62%
some
61%
at
60%
been
60%
from
60%
hand
60%
with
60%
would
59%
have
57%
off
57%
always
56%
down
56%
night
56%
did
55%
over
55%
yours
54%
cry
53%
that's
53%
got
52%
great
51%
reached
51%
war
51%
will
51%
things
49%
come
48%
cause
47%
throughout
46%
remember
45%
anymore
44%
bruised
44%
survived
44%
bloodshed
43%
crimson
43%
knuckles
43%
clover
41%
good
41%
lost
41%
maybe
41%
thought
41%
violets
41%
more
39%
vowed
39%
dream
38%
hair
38%
haze
37%
into
37%
looked
37%
took
37%
fire
36%
letter
36%
uh-huh
36%
battle
34%
betrayed
34%
close
34%
ego
34%
place
34%
playin'
34%
punish
34%
really
34%
sense
34%
something
34%
talkin'
34%
tears
34%
tellin'
34%
wasn't
34%
worst
34%
alone
33%
blue
33%
blur
33%
called
33%
cursed
33%
desire
33%
drew
33%
past
33%
punching
33%
sucker
33%
swinging
33%
there's
33%
closed
32%
fight
32%
freely
32%
nearly
32%
sleep-talked
32%
somewhere
32%
trust
32%
walls
32%
curtains
31%
diesel
31%
flashes
31%
icy
31%
screamin'
31%
sweet
31%
tomb
31%
better
30%
ground
30%
poppy
30%
silence
30%
underground
30%
banners
29%
drank
29%
faith
29%
justified
29%
treaties
29%
honor
28%
poison
28%
truth
28%
turned
28%
bigger
26%
fair
26%
garden
26%
Tore
26%
crypt
25%
finger
25%
hairpin
25%
memory
25%
soldier
25%
spineless
25%
triggers
25%
troops
25%
plant
24%
prayer
24%
solemn
24%
broken
23%
burning
22%
glory
22%
morning
22%
bombs
21%
embers
21%
burned
18%

Score Distribution

Percentile by Number Answered

Percent of People with Each Score

Your Score History

You have not taken this quiz